Francisco de Miranda segun nuevos documentos
محفوظ في:
| المؤلف الرئيسي: | |
|---|---|
| التنسيق: | كتاب |
| اللغة: | الإسبانية |
| منشور في: |
Santa Cruz de la Sierra
Universidad Privada de Santa Cruz de la Sierra
1986
|
| الموضوعات: | |
| الوسوم: |
إضافة وسم
لا توجد وسوم, كن أول من يضع وسما على هذه التسجيلة!
|
MARC
| LEADER | 00000nam a2200000 a 4500 | ||
|---|---|---|---|
| 001 | UCX7735 | ||
| 003 | CL-VaPUC | ||
| 008 | 931228e19860000BO |||||||||||||||||spa|d | ||
| 082 | 0 | 4 | |a 923.5 |b MOR |2 21 |
| 100 | |a Moreno, Gabriel Rene |e autor |9 474021 | ||
| 245 | 1 | 0 | |a Francisco de Miranda segun nuevos documentos |
| 300 | |a 65 p | ||
| 942 | |c BK | ||
| 945 | |d 19931228 00:00:00 |a aalvarez | ||
| 260 | |a Santa Cruz de la Sierra |b Universidad Privada de Santa Cruz de la Sierra |c 1986 | ||
| 600 | 0 | |a Miranda, Francisco de, |d 1750-1816 |9 331375 | |
| 583 | |a last modification |c 19931228 00:00:00 |k Rodrigo Vera | ||
| 999 | |c 302677 |d 302675 | ||
| 952 | |0 0 |1 0 |4 0 |6 923_500000000000000_MOR_1986 |7 0 |8 P |9 363376 |a BIBARQ |b BIBARQ |d 2019-11-21 |i 2957590 |o 923.5 MOR 1986 |p 2957590 |r 2025-01-20 |w 2019-11-21 |y BK |k ARQ | ||